50 most common girl names 2026 - Statistics

General Stats
  • This quiz has been taken 27 times
  • The average score is 25 of 50
Answer Stats
Hint Answer % Correct
4 Emma
95%
13 Isabella
89%
21 Lily
89%
5 Charlotte
84%
1 Olivia
84%
11 Mia
79%
10 Sofia
79%
7 Sophia
79%
45 Elizabeth
74%
6 Ella
74%
49 Zoe
74%
16 Ava
68%
12 Evelyn
68%
28 Penelope
68%
40 Chloe
63%
19 Harper
63%
24 Aria
58%
9 Ellie
58%
27 Isla
58%
26 Ivy
58%
18 Luna
58%
36 Alice
53%
2 Amelia
53%
15 Eleanor
53%
39 Gianna
53%
29 Lucy
53%
14 Violet
53%
22 Willow
53%
44 Avery
47%
33 Nora
47%
35 Camila
42%
17 Hazel
42%
43 Riley
42%
8 Aurora
37%
38 Iris
37%
23 Layla
37%
42 Mila
37%
20 Nova
37%
25 Scarlett
37%
47 Naomi
32%
32 Elena
26%
3 Eliana
21%
48 Sadie
21%
30 Valentina
21%
37 Autumn
11%
34 Delilah
11%
31 Lainey
5%
46 Leilani
5%
41 Paisley
5%
50 Amara
0%
No matching quizzes found
Score Distribution
Percent of People with Each Score
Percentile by Number Answered
Your Score History
You have not taken this quiz